| 000 | 00635nam a22001817a 4500 | ||
|---|---|---|---|
| 008 | 151019b xxu||||| |||| 00| 0 eng d | ||
| 020 | _a9780789735652 (pbk. w/cd) | ||
| 020 | _a0789735652 (pbk. w/cd) | ||
| 041 | 0 | _aeng | |
| 080 | _a004.16 | ||
| 100 | 1 | _aBrooks, Charles J. | |
| 245 | 1 | 0 |
_aCompTIA A+ : _cCharles J. Brooks, David L. Prowse. |
| 260 |
_a[Indianapolis, Ind.?] : _bQue Pub., _cc2008. |
||
| 300 |
_axxiii, 1421 f. : _bme il.; _c23 cm. _e1 CD-ROM (4 3/4 in.). |
||
| 650 | 0 | _aPërpunimi i të dhënave elektronike | |
| 650 | 0 | _aMikrokompjuterët | |
| 942 |
_2udc _cBK |
||
| 999 |
_c1313 _d1313 |
||